Bienvenue au Catalogue en Ligne des Bibliothèques de l'Universite du Burundi

L'impact de la stratégie de positionnement sur les performances commerciales d'une banque (Record no. 53457)

000 -GUIDE
Champ de contrôle de longueur fixe 00932nam a22002297a 4500
003 - IDENTITÉ DU NUMÉRO DE CONTRÔLE
Champ de contrôle BI-BuBU
008 - ÉLÉMENTS DE LONGUEUR FIXE - RENSEIGNEMENTS GÉNÉRAUX
Champ de contrôle de longueur fixe 260225b ||||| |||| 00| 0 fre d
037 ## - SOURCE D'ACQUISITION
Numéro d'inventaire 234556
Source d'acquisition et du numéro d'inventaire Don de l'auteur
039 ## - NIVEAU DE CONTRÔLE BIBLIOGRAPHIQUE ET HISTORIQUE D'ENCODAGE [OBSOLETE]
Date creation 25/02/2026
Nom catalographe Eric HITIMANA
040 ## - SOURCE DU CATALOGAGE
Organisme qui a effectué le catalogage original BI-BuBU
Code de la langue utilisée dans le catalogage fr
Organisme qui a effectué la transcription UB
Organisme qui a effectué la modification BI-BuBU
041 ## - CODE DE LANGUE
Code de langue du texte/de la piste sonore ou du titre distinct fr
080 ## - INDICE DE LA CLASSIFICATION DÉCIMALE UNIVERSELLE (CDU)
Indice de la Classification décimale universelle CDU
100 1# - VEDETTE PRINCIPALE - NOM DE PERSONNE
Code de relation aut
Nom de personne NSENGIYUMVA(Aline)
245 12 - MENTION DU TITRE
Titre L'impact de la stratégie de positionnement sur les performances commerciales d'une banque
Reste du titre Cas de la banque commerciale du Burundi(2008-2014)
260 ## - PUBLICATION, DIFFUSION, ETC. (ADRESSE BIBLIOGRAPHIQUE)
Lieu de publication, diffusion, etc. Bujumbura
Nom de l'éditeur, diffuseur, etc. Université du Burundi,Faculté des sciences Economiques et administratives
Date of publication, distribution, etc 2017
300 ## - DESCRIPTION MATÉRIELLE
Collation XII-92f.
Dimensions 30cm
502 ## - NOTE DE THÈSE OU MÉMOIRE
Liaison Mémoire présentée et défendue publiquement en vue de l'obtention du grade de licence en sciences économiques et administratives<br/>option:Gestion et administrations
520 ## - RÉSUMÉ, ETC.
Résumé, etc. Résumé
650 ## - VEDETTE-MATIÈRE - NOM COMMUN
Source du terme BI-BuBU
Vedette de sujet ou vedette comportant un nom géographique BANQUE.PERFORMANCE
655 ## - TERME D'INDEXATION - GENRE OU FORME
Source du terme BI-BuBU
942 ## - ÉLÉMENTS D'ENTRÉE ADDITIONNELLE (KOHA)
Source de la classification ou du système de rangement
Type d item koha BOOK

No items available.

© 2019-2026 - Bibliothèques de l'Université du Burundi |Tous droits réservés
home | Pour toute information urgente Contactez nous | tel whatsupp: +25779204313